Chsrting made easy : learn how to extrapolate past trends to predict future share movements

Bibliographic Details
Main Author: Amrstrong, Merril
Format: Book
Published: Victoria : The Investment libraray , 1990
Subjects:

MARC

LEADER 00000cam a2200000 7i4500
001 0000005965
002 000006441
005 20000330.0
020 |a 1863500219 
090 0 0 |a 332.63228   |b ARM 
100 1 |a Amrstrong, Merril 
245 1 0 |a Chsrting made easy :   |b learn how to extrapolate past trends to predict future share movements   |c Merril Amrstrong 
260 |a Victoria :   |b The Investment libraray ,   |c 1990 
300 |a 117p. ;   |c 21cm. 
650 0 0 |a Stock price forecasting 
999 |a 037791   |b BUKU   |c PINJAMAN   |e PERPUSTAKAAN KOMUNITI PETALING JAYA